Arabic Dictionary of Civil Engineering : (Record no. 12093)

MARC details
000 -LEADER
fixed length control field 01158pam a2200277 a 4500
001 - CONTROL NUMBER
control field 3332840
005 - DATE AND TIME OF LATEST TRANSACTION
control field 19860616000000.0
008 - FIXED-LENGTH DATA ELEMENTS--GENERAL INFORMATION
fixed length control field 850805s1986 enk d 000 0 eng
010 ## - LIBRARY OF CONGRESS CONTROL NUMBER
LC control number 85018456
020 ## - INTERNATIONAL STANDARD BOOK NUMBER
International Standard Book Number 0710204299
Terms of availability $60.00
040 ## - CATALOGING SOURCE
Original cataloging agency DLC
Transcribing agency DLC
Modifying agency DLC
041 0# - LANGUAGE CODE
Language code of text/sound track or separate title engara
050 00 - LIBRARY OF CONGRESS CALL NUMBER
Classification number TA9
Item number .A73 1986
082 00 - DEWEY DECIMAL CLASSIFICATION NUMBER
Classification number 624.03927
Edition number 19
Item number ARA
245 00 - TITLE STATEMENT
Title Arabic Dictionary of Civil Engineering :
Remainder of title English-Arabic, Arabic-English /
Statement of responsibility, etc compiled by Multi-lingual International Publishers ; under the general editorship of Ernest Kay.
260 ## - PUBLICATION, DISTRIBUTION, ETC. (IMPRINT)
Place of publication, distribution, etc London ;
-- Boston :
Name of publisher, distributor, etc Routledge & Kegan Paul,
Date of publication, distribution, etc c1986.
300 ## - PHYSICAL DESCRIPTION
Extent 152, 104 p. ;
Dimensions 24 cm.
650 #0 - SUBJECT ADDED ENTRY--TOPICAL TERM
Topical term or geographic name as entry element Civil engineering
General subdivision Dictionaries.
9 (RLIN) 7160
650 #0 - SUBJECT ADDED ENTRY--TOPICAL TERM
Topical term or geographic name as entry element English language
General subdivision Dictionaries
-- Arabic.
9 (RLIN) 7161
650 #0 - SUBJECT ADDED ENTRY--TOPICAL TERM
Topical term or geographic name as entry element Civil engineering
General subdivision Dictionaries
-- Arabic.
9 (RLIN) 7162
650 #0 - SUBJECT ADDED ENTRY--TOPICAL TERM
Topical term or geographic name as entry element Arabic language
General subdivision Dictionaries
-- English.
9 (RLIN) 7163
700 1# - ADDED ENTRY--PERSONAL NAME
Personal name Kay, Ernest.
9 (RLIN) 7164
710 2# - ADDED ENTRY--CORPORATE NAME
Corporate name or jurisdiction name as entry element Multi-lingual International Publishers.
9 (RLIN) 7165
942 ## - ADDED ENTRY ELEMENTS (KOHA)
Source of classification or shelving scheme Dewey Decimal Classification
Item type Reference (NB)
Holdings
Withdrawn status Item status Source of classification or shelving scheme Damaged status Not for loan Vendor Home library Current library Shelving location Date acquired Source of acquisition Cost, normal purchase price Total Checkouts Full call number Barcode Date last seen Koha item type
    Dewey Decimal Classification     Alef-Baa Central Library Central Library Ground Floor 29/06/2009   150.00   624.03927 ARA 000016918 15/07/2025 Reference (NB)